Creaciones filosóficas / (Record no. 178028)

MARC details
000 -LEADER
campo de control de longitud fija 01314nam a2200313 4500
001 - NÚMERO DE CONTROL
campo de control 178028
003 - IDENTIFICADOR DE NÚMERO DE CONTROL
campo de control ES-MaACL
005 - FECHA Y HORA DE LA ÚLTIMA TRANSACCIÓN
campo de control 20230902095305.0
008 - DATOS DE LONGITUD FIJA--INFORMACIÓN GENERAL
campo de control de longitud fija 110512s2009 sp |||| | spa d
017 ## - NÚMERO DE COPYRIGHT O DE DEPÓSITO LEGAL
Número de copyright o de depósito legal B.31886-2009 (vl. 1)
017 ## - NÚMERO DE COPYRIGHT O DE DEPÓSITO LEGAL
Número de copyright o de depósito legal B.31886-2009 (vl. 2)
020 ## - NÚMERO INTERNACIONAL ESTÁNDAR DEL LIBRO
Número Internacional Estándar del Libro 9788467237221 (Círculo de Lectores)
020 ## - NÚMERO INTERNACIONAL ESTÁNDAR DEL LIBRO
Número Internacional Estándar del Libro 9788481098419 (Galaxia Gutenberg)
080 ## - NÚMERO DE LA CLASIFICACIÓN DECIMAL UNIVERSAL
Número de la Clasificación Decimal Universal 1(081) Trías, Eugenio
100 1# - ENTRADA PRINCIPAL--NOMBRE DE PERSONA
Nombre de persona Trías, Eugenio.
9 (RLIN) 111368
245 10 - MENCIÓN DEL TÍTULO
Título Creaciones filosóficas /
Mención de responsabilidad, etc. Eugenio Trías.
246 30 - FORMA VARIANTE DEL TITULO
Título propio/Titulo breve Ética y estética.
Fecha o designación secuencial I
246 30 - FORMA VARIANTE DEL TITULO
Título propio/Titulo breve Filosofía y religión.
Fecha o designación secuencial II
260 ## - PUBLICACIÓN, DISTRIBUCIÓN, ETC.
Lugar de publicación, distribución, etc. Barcelona :
Nombre del editor, distribuidor, etc. Círculo de Lectores :
-- Galaxia Gutenberg,
Fecha de publicación, distribución, etc. [2009]
300 ## - DESCRIPCIÓN FÍSICA
Extensión 2 v. ;
Dimensiones 21 cm.
500 ## - NOTA GENERAL
Nota general Índices.
504 ## - NOTA DE BIBLIOGRAFÍA, ETC.
Nota de bibliografía, etc. Bibliografía de Eugenio Trías.
504 ## - NOTA DE BIBLIOGRAFÍA, ETC.
Nota de bibliografía, etc. Bibliografía citada.
505 8# - NOTA DE CONTENIDO CON FORMATO
Nota de contenido con formato Contiene: t.1 ;
Título Ética y estética : Estética y teoría de las artes. Interpretaciones. Ética, política y condición humana (XXXIX, 1079 p.) -- t. 2 ;
-- Filosofía y religión : Teoría de la historia y filosofía de la religión. Filosofía del límite (1526 p.)
852 ## - LOCALIZACIÓN
Ubicación ES-MaACL
itemnumber 184887
Sublocalización o colección R.145590
Número de control de estantería A-11167
Signatura antigua Olim: N-4172
Designación de la unidad física v.1
Ubicación en estantería Depósito 1
852 ## - LOCALIZACIÓN
Ubicación ES-MaACL
itemnumber 200480
Sublocalización o colección R.145590
Número de control de estantería A-11168
Ubicación en estantería Depósito 1
Signatura antigua Olim: N-4173
Designación de la unidad física v.2
942 ## - ELEMENTOS DE ENTRADA SECUNDARIOS (KOHA)
Fuente del sistema de clasificación o colocación Clasificación decimal universal
Holdings
Estatus retirado Estado de pérdida Fuente del sistema de clasificación o colocación Estado de daño No para préstamo Biblioteca de origen Biblioteca actual Ubicación en estantería Fecha de adquisición Fuente de adquisición Enumeración/cronología de publicación seriada Total de préstamos Signatura topográfica completa Código de barras Visto por última vez Precio de reemplazo Tipo de ítem Koha
    Clasificación decimal universal     Biblioteca del Ateneo de Madrid Biblioteca del Ateneo de Madrid Depósito 1 12/05/2011 Compra v.1   A-11167 1187020 23/02/2023 23/02/2023 Libro impreso
    Clasificación decimal universal     Biblioteca del Ateneo de Madrid Biblioteca del Ateneo de Madrid Depósito 1 01/09/2023 Compra v.2   A-11168 101205774 01/09/2023 01/09/2023 Libro impreso